01018 a2200181 45000010006000000050017000060080041000230030015000640400040000790800087001192450132002060200018003382640089003563000019004455050209004641000029006738560134007022479220260407155530.0260407a2000 arg spa dAR-UNSa-BCEJYS aAR-UNSa-BCEJYSbspacAR-UNSa-BCEJYS a657.31xPresupuestos. Previsiones. Planes financieros. Estado de flujo de efectivo10aEstado de origen y aplicación de fondospEstado de flujo de caja. Fundamentos conceptuales, metodológicos y de aplicación a987-98311-0-1 1aBuenos Aires :bFormación y Capacitación en Ciencias Económicas (FOCACE)c2000 a428 p.c23 cm. a1. Aspectos introductorios - 2. Metodología general - 3. Orígenes de fondos - 4. Aplicaciones de fondos - 5. Gastos e ingresos que no significan aplicaciones u orígenes - 6. Caso práctico resumen.1 aSenderovich, Pablo David41uhttps://biblioeco.unsa.edu.ar/pmb/images/libros/Estadi de Origen y Aplicacion de Fondos-l86632.jpgyImagen de portadaqimage/jpeg